• 首页
  • 本馆介绍
  • 公告通知
  • 最新文献
  • 馆藏检索
  • 电子资源
  • 读者导购
  • 参考咨询
  • 我的图书馆
  • 登录
  • 详细信息显示
  • 放入我的书架
  • 预约/预借图书
  • 作者相关作品
  • 分类相关作品
  • 丛书相关作品
  • 出版社相关作品

书目信息

  • 表格格式
  • 工作单格式
  • 卡片格式
题名:
灯塔之光——世界文学
    
 
作者: 李伟智 著
分册:  
出版信息: 北京   中国环境科学出版社  2006
页数: 206页
开本: 20cm
丛书名: 正说世界
单 册:
中图分类: K109 , I109
科图分类:
主题词: 世界史--普及读物 , 文学--世界
电子资源:
ISBN: 7-80135-706-X
000 00725nam0 2200253 45
001 012000045517
005 20061220144250.23
010    @a7-80135-706-X@dCNY28.00
100    @a20001016d2006 em y0chiy0120 ea
101 0  @achi
102    @aCN@b110000
105    @ay z 000yy
200 1  @a灯塔之光——世界文学@ADeng Ta Zhi Guang—— Shi Jie Wen Xue@f李伟智著@FLi Wei Zhi Zhu
210    @a北京@c中国环境科学出版社@c学苑音像出版社@d2006
215    @a206页@c插图@d20cm
225    @a正说世界
410    @12001 @a正说世界
606    @a世界史@x普及读物
606 0  @a文学@x世界
690    @aK109@v4
690    @aI109@v3
701  0 @a李伟智@ALi Wei Zhi@4著
801  0 @aCN@b中图数据@c20061220
905    @a10447@dI109@e78
    
    灯塔之光——世界文学/李伟智著.-北京:中国环境科学出版社:学苑音像出版社,2006
    206页:插图;20cm.-(正说世界)
    
    
    ISBN 7-80135-706-X:CNY28.00
    
●
相关链接 在E读中查询图书 在五车中查询图书 在当当中查询图书 在豆瓣中查询图书


正题名:灯塔之光——世界文学     索取号:I109/78         预约/预借

序号 登录号 条形码 馆藏地/架位号 状态 备注
1 0620454   206204542   第一样本阅览室/ [索取号:I109/78] 在馆    
2 0620455   206204551   第二借阅区/ [索取号:I109/78] 在馆    
3 0620456   206204560   第二借阅区/ [索取号:I109/78] 在馆    
4 0620457   206204579   第二借阅区/ [索取号:I109/78] 在馆    
5 0620458   206204588   第二借阅区/ [索取号:I109/78] 在馆    
6 0620459   206204597   第二借阅区/ [索取号:I109/78] 在馆    
唐山师范学院图书馆 欢迎您!
大连网信软件有限公司© 版权所有